00795nam a22002177a 450000500170000001000270001702000260004403500130007003500140008303700130009708200120011010000200012224501030014226000920024527000700033730000230040750000190043065000500044965000260049971000520052520230530112427.0 aENG-112519 ENG-137021 a9789380502588c720.00 aEN-96051 aEN-120553 bDBAD/PUB a355.343 aPoduval, Sanjay00aNetwork centric warfare :bhow we think, see and fight in the information age /cby Sanjay Poduval aNew DelhibKW Publishers in association with Centre for Air Power Studiesc2013(repr.) a4676/21, First Floor, Ansari Road, Daryaganj, bNew Delhie110002 axx,241p.c24cm(Hb) aIncludes index aNetwork-centric operations (Military science) a Information warfare. aCentre for Air Power Studies (New Delhi, India)